000 00252nam a2200097Ia 4500
001 780787
005 20250826170131.0
008 250824s9999 xx 000 0 und d
245 0 _aON İKİNCİ GECE
_cWILLIAM SHAKESPEARE
260 _bİŞ BANKASI YAYINLARI
999 _c780787
_d780787